Statistiques concernant Les meilleurs Buteurs du BIG 5 européen

Cliquez ici pour prendre le quiz!

Statistiques générales

  • Ce quiz a été pris 274 fois
  • Le résultat moyen est 28 sur 50

Statistiques - réponses

ButsClub/NationalitéLigue 1% Correct
188PSG / FranceKylian Mbappé
100%
311Real Madrid / PortugalCristiano Ronaldo
93%
138PSG / UruguayEdinson Cavani
92%
474FC Barcelone / ArgentineLionel Messi
92%
238Real Madrid / FranceKarim Benzema
90%
312Bayern / PologneRobert Lewandowski
90%
156Inter Milan / SuèdeZlatan Ibrahimović
89%
113PSG / SuèdeZlatan Ibrahimović
89%
140OL / FranceAlexandre Lacazette
88%
213Tottenham / AngleterreHarry Kane
84%
184Atletico Madrid / FranceAntoine Griezmann
82%
178FC Barcelone / UruguayLuis Suarez
82%
154Liverpool / EgypteMohamed Salah
81%
146Bayern / AllemagneThomas Muller
81%
175Arsenal / FranceThierry Henry
80%
184Man City / ArgentineSergio Aguero
79%
162FC Barcelone / CamerounSamuel Eto'o
77%
156Monaco / FranceWissam Ben Yedder
77%
208Man United / AngleterreWayne Rooney
75%
136Leicester / AngleterreJamie Vardy
74%
141PSG / PortugalPauleta
74%
228Real Madrid / EspagneRaul
72%
250AS Roma / ItalieFrancesco Totti
71%
154Dortmund / AllemagneMarco reus
69%
200Lazio / ItalieCiro Immobile
64%
144Arsenal / Pays-BasRobbin Van Persie
64%
185FC Barcelone / EspagneDavid Villa
58%
137Celta Vigo / EspagneIago Aspas
56%
177Chelsea / AngleterreFrank Lampard
55%
188Juventus / ItalieAlessandro Del Piero
53%
103OM / FranceDimitri Payet
46%
154AC Milan / ItalieFilippo Inzaghi
43%
104Leipzig / AllemagneTimo Werner
42%
209Udinese / ItalieAntonio Di Natale
39%
170Bayern / AllemagneMario Gomez
35%
159Athletic Bilbao / EspagneAritz Aduriz
33%
121Werder Breme / AllemagneMiroslav Klose
33%
138OL / BrésilSony Anderson
33%
150Liverpool / AngleterreMichael Owen
29%
197Bayern / PérouClaudio Pizarro
27%
146Parme FC / ArgentineHernan Crespo
26%
182Sampordia / ItalieFabio Quagliarella
25%
122OL / FranceBafétimbi Gomis
21%
179Fiorentina / ItalieLuca Toni
17%
162Tottenham / AngleterreJermain Defoe
16%
127Herta Berlin / BosnieVedad Ibišević
7%
126Bordeaux / FranceLilian Laslandes
6%
188Fiorentina / ItalieAlberto Gilardino
4%
108Werder Breme / BrésilAílton
3%
111Schalke 04 / BrésilKevin Kurányi
0%

Distribution des résultats

Percentile par nombre de réponses

% des personnes avec chaque résultat

Votre développement - résultats

Vous n’avez pas pris ce quiz